000 00898nam a2200229 a 4500
001 44121
003 BD-RjUL
005 20211209053813.0
008 160713s1968 ii ||||| |||| 00| 0 ben d
020 _c: Tk. 10.00
035 _a(BD-RjUL)44239
040 _aBD-RjUL
_bben
_cBD-RjUL
041 _aben
082 _223
_a891.44092
_bDAD 1968
100 1 _aদাশ, মিহিরকুমার
_9135463
245 1 0 _aদীনবন্ধু মিত্র :
_bকবি ও নাট্যকার /
_cমিহিরকুমার দাশ
260 _aকলিকাতা :
_bবুকল্যান্ড প্রাইভেট লিমিটেড,
_c১৯৬৮
300 _a২৭৫ পৃ. ;
_c২২ সেমি.
600 _aদীনবন্ধু মিত্র
_xজীবনী
_9135464
600 _aDinbandhu mitra
_xBiography
_9135465
942 _2ddc
_cBK
_01
999 _c44121
_d44121